| 000 | 00657nam a22002057a 4500 | ||
|---|---|---|---|
| 003 | NUST | ||
| 005 | 20240701161218.0 | ||
| 008 | 150917t xxu||||| |||| 00| 0 eng d | ||
| 020 | _qHBK. | ||
| 038 | _aAttaullah. | ||
| 082 | _a200 | ||
| 100 |
_aWaheed, Yasir _919266 |
||
| 245 |
_aIn Vitro Characterization of Hepatitis C virus Rna Dependent Rna Polymerase / _cYasir waheed |
||
| 260 |
_aIslamabad: _bASAB - NUST, _c2013. |
||
| 300 |
_a192,p; _bill; _c30,cm. |
||
| 650 |
_aPhD Thesis.-Applied Biosciences _9123946 |
||
| 700 |
_aSupervisor:Dr. Attya Bhatti. _9123912 |
||
| 856 | _uhttp://10.250.8.41:8080/xmlui/handle/123456789/25582 | ||
| 942 |
_2ddc _cSC |
||
| 999 |
_c479827 _d479827 |
||